|
|
|
|
| LEADER |
00000nam a22000007a 4500 |
| 005 |
20220210232023.0 |
| 007 |
cr|||| |||| |
| 008 |
220210s2014 co |||||s|||| 00||0 spa d |
| 020 |
|
|
|a 978-958-771-039-7
|
| 035 |
|
|
|a 35801
|
| 040 |
|
|
|a vLex
|
| 090 |
|
|
|c 12949
|d 12949
|
| 100 |
1 |
|
|a Toro Lp̤ez, Francisco J.
|
| 245 |
1 |
0 |
|a Portafolio de proyectos con Excel y Project 2013
|h [Recurso electrn̤ico] /
|c Francisco J. Toro Lp̤ez
|
| 256 |
|
|
|a Servicio en ln̕ea
|
| 260 |
|
|
|a Bogot:̀
|b ECOE,
|c 2014
|
| 300 |
|
|
|a 1 recurso electrn̤ico
|
| 500 |
|
|
|a Este libro tiene el objetivo de servir como herramienta para administrar la planeacin̤ y evaluacin̤ de ml︢tiples proyectos, de una manera prc̀tica y funcional, ilustrando el uso cambiando de un par de herramientas de Microsoft, Excel y Project 2013, se ha enfocado preferencialmente en medianas y pequeąs empresas. Busca desarrollar en los responsables de varios proyectos, las habilidades necesarias para aplicar las herramientas de Microsoft, Project y Excel en su versin̤ 2013, en el manejo y operacin̤ de varios proyectos, ya sea que se encuentren en la fase de planeacin̤ o en la de ejecucin̤ al mismo tiempo. Por lo cual es necesario que los responsables del manejo de proyectos deben estar familiarizados con los conceptos generales del sistema operativo Microsoft Windows.
|
| 506 |
1 |
|
|a Disponible solo en los productos indicados
|d vLex Global
|d vLex Global (Academic Edition, excluding Law Schools)
|d vLex Global (U.S. Academic Edition, Law Schools)
|d vLex Global (U.S. Academic Edition, excluding Law Schools)
|d vLex Global (Academic Edition, Law Schools)
|
| 650 |
0 |
4 |
|a Ciencias aplicadas
|z Colombia
|
| 650 |
0 |
4 |
|a Informt̀ica
|z Colombia
|
| 740 |
0 |
|
|a vLex Libros (Servicio en ln̕ea)
|
| 856 |
4 |
0 |
|u https://app.vlex.com/#/sources/35801
|z Acceso restringido
|
| 942 |
|
|
|c BOOK
|
| 999 |
0 |
|
|a Applied Sciences
|
| 999 |
0 |
|
|a Computer
|